Szwajcarscy sportowcy - nagła śmierć - Statystyki

Ogólne statystyki
  • Ten quiz został rozwiązany 45 razy
  • Średni wynik to 9 z 12
Answers on the Grid
Answers color-coded by a green-red scale on the quiz's grid according to % correct below.
Roger Federer
Marit Bjørgen
Simon Ammann
Andy Murray
Xherdan Shaqiri
Dario Cologna
Martin Fourcade
Serena Williams
Belinda Bencic
Stan Wawrinka
Fabian Cancellara
Erling Haaland
Granit Xhaka
Dirk Nowitzki
Arjen Robben
Andreas Küttel
Andreas Wellinger
Yann Sommer
Simone Biles
Michael Jordan
Valentino Rossi
Nino Schurter
Thomas Müller
Beat Feuz
 
Statystyki odpowiedzi
Odpowiedź % Poprawnych
Roger Federer
90%
Xherdan Shaqiri
90%
Granit Xhaka
88%
Simon Ammann
88%
Yann Sommer
85%
Andreas Küttel
68%
Stan Wawrinka
68%
Beat Feuz
65%
Belinda Bencic
63%
Nino Schurter
63%
Fabian Cancellara
45%
Dario Cologna
40%
Nie znaleziono quizów pasujących do podanych kryteriów
Rozkład punktacji
Procent ludzi z każdym wynikiem
Percentyl według liczby udzielonych odpowiedzi
Twoja historia wyników
Nie rozwiązałeś tego quizu